Köszöntjük a traktorosokat [vezércikk]

Elmentve itt :
Bibliográfiai részletek
Dokumentumtípus: Cikk
Megjelent: 1956-06-10
Sorozat:Délmagyarország
Kulcsszavak:Traktorosnap ünnepség 1956
Online Access:http://dmarchiv.bibl.u-szeged.hu/78744
LEADER 00418nab a2200145 i 4500
001 delm78744
005 20180928084355.0
008 180928s1956 hu o 0|| hun d
040 |a SZTE Délmagyarország Archívum  |b hun 
041 |a hun 
245 0 0 |a Köszöntjük a traktorosokat   |h [elektronikus dokumentum] :  |b [vezércikk] 
260 |c 1956-06-10 
300 |a 1 
490 0 |a Délmagyarország 
695 |a Traktorosnap ünnepség 1956